<?xml version="1.0" encoding="UTF-8"?>
<record
    xmlns:xsi="http://www.w3.org/2001/XMLSchema-instance"
    xsi:schemaLocation="http://www.loc.gov/MARC21/slim http://www.loc.gov/standards/marcxml/schema/MARC21slim.xsd"
    xmlns="http://www.loc.gov/MARC21/slim">

  <leader>01593nam a22001937a 4500</leader>
  <controlfield tag="003">IT-MiCISF</controlfield>
  <controlfield tag="005">20240110104416.0</controlfield>
  <controlfield tag="008">240110b        |||||||| |||| 00| 0 eng d</controlfield>
  <datafield tag="040" ind1=" " ind2=" ">
    <subfield code="c">IT-MiCISF</subfield>
  </datafield>
  <datafield tag="100" ind1=" " ind2=" ">
    <subfield code="a">De Masi Domenico</subfield>
    <subfield code="9">60425</subfield>
  </datafield>
  <datafield tag="245" ind1=" " ind2=" ">
    <subfield code="a">Il lavoro nel XXI secolo</subfield>
  </datafield>
  <datafield tag="260" ind1=" " ind2=" ">
    <subfield code="a">Torino, </subfield>
    <subfield code="b">Einaudi, </subfield>
    <subfield code="c">2018</subfield>
  </datafield>
  <datafield tag="300" ind1=" " ind2=" ">
    <subfield code="a">pp. XVII-819</subfield>
  </datafield>
  <datafield tag="500" ind1=" " ind2=" ">
    <subfield code="a">lavoro, storia, cultura, teoria</subfield>
  </datafield>
  <datafield tag="520" ind1=" " ind2=" ">
    <subfield code="a">Che cosa &#xE8; stato il lavoro e che cosa sar&#xE0;? Domenico De Masi ricostruisce le diverse interpretazioni teoriche del lavoro e ne passa in rassegna le trasformazioni concrete: dalla schiavit&#xFA; alla rivoluzione industriale fino al XXI secolo. Se finora i trattati sul lavoro hanno riservato gran parte del loro interesse all&#x2019;operaio e alla fabbrica, De Masi dedica pari attenzione alla fatica fisica, al lavoro intellettuale e alle attivit&#xE0; creative, rompendo la separazione netta tra lavoro e non lavoro per analizzare anche le situazioni in cui gli individui ibridano il loro lavoro con altre forme di vita. De Masi ha elaborato e diffuso l&#x2019;idea che, dalla seconda met&#xE0; del Novecento, l&#x2019;azione congiunta del progresso tecnologico, dello sviluppo organizzativo, della globalizzazione, dei mass media e della scolarizzazione diffusa abbia prodotto un tipo nuovo di societ&#xE0; centrata sulla produzione di informazioni, servizi, simboli, valori, estetica. Con il concetto di &#xAB;ozio creativo&#xBB;, sintesi di lavoro, gioco e studio, De Masi apre una via inedita per comprendere come cambier&#xE0; il lavoro nel nostro futuro.</subfield>
  </datafield>
  <datafield tag="650" ind1=" " ind2=" ">
    <subfield code="a">lavoro</subfield>
  </datafield>
  <datafield tag="654" ind1=" " ind2=" ">
    <subfield code="a">studio</subfield>
  </datafield>
  <datafield tag="942" ind1=" " ind2=" ">
    <subfield code="2">ddc</subfield>
    <subfield code="c">BK</subfield>
  </datafield>
  <datafield tag="999" ind1=" " ind2=" ">
    <subfield code="c">359965</subfield>
    <subfield code="d">359967</subfield>
  </datafield>
  <datafield tag="952" ind1=" " ind2=" ">
    <subfield code="0">0</subfield>
    <subfield code="1">0</subfield>
    <subfield code="2">ddc</subfield>
    <subfield code="4">0</subfield>
    <subfield code="6">A_2448_000000000000000</subfield>
    <subfield code="7">1</subfield>
    <subfield code="a">CISF</subfield>
    <subfield code="b">CISF</subfield>
    <subfield code="d">2024-01-10</subfield>
    <subfield code="l">0</subfield>
    <subfield code="o">A2448</subfield>
    <subfield code="p">9788806228460</subfield>
    <subfield code="r">2024-01-10 10:44:41</subfield>
    <subfield code="w">2024-01-10</subfield>
    <subfield code="y">BK</subfield>
  </datafield>
</record>
